000 00949nam a2200325Ia 4500
003 OSt
005 20221006141639.0
006 a|||||r|||| 00| 0
007 ta
008 221006b |||||||| |||| 00| 0 eng d
020 _a0897894693
_c
_59.95
020 _a9780897894692
024 _a3,693
037 _cTextual
040 _aEASL
_cEASL
_beng
041 _2eng
_aeng
082 _aU8.41, N6
100 _aDATHORNE O R
_961026
245 0 _aAsian voyages
_b Two thousand years of constructing the other
260 _aWestport
_bBergin & Garvey
_c1996
300 _a314p.
_ccm.
490 _v CEL
650 _a Africa - history
650 _a America - Discovery and exploration - African
_9645950
650 _a China - civilization - occidental influences
_9645951
650 _a Discoveries in geography
_9645952
650 _aCEL
942 _hU8.41, N6
_cTEXL
_2CC
999 _c1071779
_d1071779